[Event "1516LLO"]
[Site "Mecklenburg-Vorpommern"]
[Date "2015.09.20"]
[Round "1.8"]
[White "Scheel, Manfred"]
[Black "Hasenberg, Harald"]
[Result "1-0"]
[WhiteElo "1592"]
[BlackElo "1599"]
[PlyCount "70"]
[EventType "team-tourn"]
[EventRounds "9"]
[EventCountry "GER"]
[SourceDate "2015.09.20"]
[WhiteTeam "SV Rugia Bergen"]
[BlackTeam "SSC Rostock 07 III"]
[WhiteTeamCountry "GER"]
[BlackTeamCountry "GER"]

1. e4 g6 2. Nf3 Bg7 3. Bc4 e6 4. O-O Ne7 5. d4 d5 6. exd5 exd5 7. Bb3 O-O 8.
Bg5 f6 9. Bf4 Bg4 10. h3 Be6 11. Re1 Bf7 12. Qe2 Nbc6 13. c3 Qd7 14. Na3 a6 15.
Nc2 h6 16. h4 Rae8 17. Ne3 Nf5 18. Qd2 g5 19. hxg5 hxg5 20. Nxf5 Qxf5 21. Bxc7
g4 22. Nh4 Qh5 23. g3 Bh6 24. Bf4 Bg5 25. Kg2 Bxh4 26. Rh1 Qh7 27. Bc2 Bg6 28.
Rxh4 Be4+ 29. Bxe4 Qxe4+ 30. Kg1 f5 31. Bd6 Rf6 32. Qg5+ Kf7 33. Rh7+ Ke6 34.
Qg7 Rd8 35. Be5 Qxe5 1-0

[Event "1516LLO"]
[Site "Mecklenburg-Vorpommern"]
[Date "2015.09.20"]
[Round "1.1"]
[White "Hartung, Lothar"]
[Black "Dupke, Andreas"]
[Result "1/2-1/2"]
[WhiteElo "1741"]
[BlackElo "1791"]
[PlyCount "86"]
[EventType "team-tourn"]
[EventRounds "9"]
[EventCountry "GER"]
[SourceDate "2015.09.20"]
[WhiteTeam "SG Neubrandenburg II"]
[BlackTeam "SG Neubrandenburg III"]
[WhiteTeamCountry "GER"]
[BlackTeamCountry "GER"]

1. d4 Nf6 2. e3 g6 3. Nf3 Bg7 4. Bd3 O-O 5. Nbd2 d6 6. O-O Nbd7 7. c3 Re8 8.
Re1 e5 9. e4 c6 10. Nc4 Qc7 11. Bg5 b5 12. dxe5 dxe5 13. Ncd2 Nc5 14. Bc2 Bb7
15. Qe2 Ne6 16. Bxf6 Nf4 17. Qe3 Bxf6 18. g3 Ne6 19. Rac1 c5 20. b4 a5 21. a3
axb4 22. cxb4 c4 23. Nb1 Nd4 24. Bd1 Qe7 25. Rc3 Red8 26. Kg2 Bg7 27. Nbd2 Qf8
28. Nh4 Bh6 29. f4 Nf5 30. Nxf5 gxf5 31. Bf3 exf4 32. gxf4 Bxf4 33. Qxf4 Qg7+
34. Qg3 Rxd2+ 35. Kg1 f4 36. Qxg7+ Kxg7 37. e5 Bxf3 38. Rxf3 Rd3 39. Rxf4 Ra6
40. Ref1 Rg6+ 41. Kh1 Rxa3 42. Rxf7+ Kh6 43. Rb7 Rc6 1/2-1/2

[Event "1516LLO"]
[Site "Mecklenburg-Vorpommern"]
[Date "2015.09.20"]
[Round "1.2"]
[White "Stock, Joachim"]
[Black "Meyer, Detlef"]
[Result "1/2-1/2"]
[WhiteElo "1606"]
[BlackElo "1775"]
[PlyCount "125"]
[EventType "team-tourn"]
[EventRounds "9"]
[EventCountry "GER"]
[SourceDate "2015.09.20"]
[WhiteTeam "SG Neubrandenburg III"]
[BlackTeam "SG Neubrandenburg II"]
[WhiteTeamCountry "GER"]
[BlackTeamCountry "GER"]

1. e4 e6 2. d4 d5 3. Nd2 c5 4. exd5 Qxd5 5. Ngf3 Nc6 6. Nb3 cxd4 7. Nfxd4 Nxd4
8. Qxd4 Nf6 9. Be3 Be7 10. Qxd5 Nxd5 11. Bd2 Bd7 12. Bd3 O-O 13. Be4 Bc6 14.
Nd4 Rfe8 15. Nxc6 bxc6 16. c4 f5 17. cxd5 fxe4 18. dxc6 Rab8 19. b3 Rec8 20.
Rc1 Rb6 21. O-O Rbxc6 22. Rxc6 Rxc6 23. Rc1 Ra6 24. Rc2 Kf7 25. Kf1 Kg6 26. Ke2
Kf5 27. h3 h5 28. Be3 Bd6 29. a4 g5 30. Rc4 g4 31. hxg4+ hxg4 32. Bd2 g3 33.
Be3 gxf2 34. Bxf2 Bf4 35. Be3 Bd6 36. g4+ Kxg4 37. Rxe4+ Kf5 38. Rc4 e5 39. Kd3
Ba3 40. Rc7 Rd6+ 41. Kc4 a5 42. Bc5 Rd2 43. Kc3 Bc1 44. Bb6 Rd5 45. Rc5 Bd2+
46. Kc2 Rxc5+ 47. Bxc5 Be1 48. Kd3 e4+ 49. Ke2 Bc3 50. Ke3 Ke5 51. Bb6 Kd5 52.
Bd8 Bb4 53. Bf6 Bc5+ 54. Ke2 Bd4 55. Bd8 Bc3 56. Be7 Ke6 57. Bf8 Kf7 58. Bc5
Ke6 59. Bf8 Kd5 60. Be7 Bd4 61. Bd8 Bc3 62. Bg5 Kc6 63. Bd2 1/2-1/2

[Event "1516LLO"]
[Site "Mecklenburg-Vorpommern"]
[Date "2015.09.20"]
[Round "1.3"]
[White "Rehbein, Hans Juergen"]
[Black "Peters, Hans Joachim"]
[Result "1/2-1/2"]
[WhiteElo "1688"]
[BlackElo "1748"]
[PlyCount "48"]
[EventType "team-tourn"]
[EventRounds "9"]
[EventCountry "GER"]
[SourceDate "2015.09.20"]
[WhiteTeam "SG Neubrandenburg II"]
[BlackTeam "SG Neubrandenburg III"]
[WhiteTeamCountry "GER"]
[BlackTeamCountry "GER"]

1. Nf3 d5 2. b3 Bg4 3. Bb2 Nd7 4. g3 Ngf6 5. Bg2 g6 6. d3 Bg7 7. Nbd2 O-O 8.
O-O Re8 9. Ne5 Nxe5 10. Bxe5 c6 11. Nf3 Qd7 12. Rb1 Qf5 13. Bb2 e5 14. Nh4 Qe6
15. Qd2 Bh3 16. Nf3 Bxg2 17. Kxg2 Nd7 18. Qb4 b6 19. Qh4 h6 20. e4 d4 21. Qh3
Qxh3+ 22. Kxh3 Rac8 23. Nd2 f6 24. f4 g5 1/2-1/2

[Event "1516LLO"]
[Site "Mecklenburg-Vorpommern"]
[Date "2015.09.20"]
[Round "1.4"]
[White "Hollender, Dirk"]
[Black "Leisner, Ekkehardt"]
[Result "1-0"]
[WhiteElo "1679"]
[BlackElo "1679"]
[PlyCount "167"]
[EventType "team-tourn"]
[EventRounds "9"]
[EventCountry "GER"]
[SourceDate "2015.09.20"]
[WhiteTeam "SG Neubrandenburg III"]
[BlackTeam "SG Neubrandenburg II"]
[WhiteTeamCountry "GER"]
[BlackTeamCountry "GER"]

1. e4 c5 2. Nc3 e6 3. f4 a6 4. Nf3 Qc7 5. g3 Nc6 6. Bg2 d6 7. O-O b5 8. d3 Bb7
9. g4 Nf6 10. h3 Be7 11. f5 h6 12. Qe1 b4 13. Ne2 e5 14. c4 O-O-O 15. b3 Rdg8
16. Ng3 g6 17. Bd2 g5 18. a3 a5 19. axb4 axb4 20. Rf2 Kd7 21. Be3 Na5 22. Qb1
Bc6 23. Rfa2 Ra8 24. Kf2 Rhg8 25. Bf1 Ne8 26. Be2 f6 27. Bd2 Ng7 28. Nh2 Ra6
29. Nhf1 Rga8 30. Ne3 Bb7 31. Nd5 Qd8 32. Nf1 Nc6 33. Nfe3 Nd4 34. Bd1 Ne8 35.
Kg3 Nc7 36. Rxa6 Nxa6 37. Ra4 Bc6 38. Ra2 Qb8 39. Qa1 Qb7 40. h4 Nc7 41. Rxa8
Nxa8 42. hxg5 hxg5 43. Bc1 Nc7 44. Bb2 Nxd5 45. exd5 Bb5 46. cxb5 Nxb5 47. Qa4
Kc7 48. Bf3 Kd8 49. Nc4 Ke8 50. Na5 Qd7 51. Nc6 Nc7 52. Nb8 Qxa4 53. bxa4 Na8
54. Nc6 Kd7 55. Kf2 Bd8 56. Ke3 Nb6 57. a5 Na4 58. a6 Bb6 59. Ba1 c4+ 60. Kd2
c3+ 61. Kc2 Kc7 62. Nxb4 Bd4 63. Nc6 Kb6 64. a7 Kb7 65. Bd1 Ka8 66. Kb3 Nb2 67.
Bc2 Kb7 68. Nxd4 exd4 69. Bxb2 cxb2 70. Kxb2 Kxa7 71. Kb3 Kb6 72. Kc4 Ka5 73.
Kxd4 Kb4 74. Bd1 Kb5 75. Kc3 Kc5 76. Bf3 Kb5 77. d4 Ka4 78. Kc4 Ka5 79. Bd1 Ka6
80. Kb4 Kb6 81. Be2 Kc7 82. Kb5 Kb7 83. Bd3 Kc7 84. Ka6 1-0

[Event "1516LLO"]
[Site "Mecklenburg-Vorpommern"]
[Date "2015.09.20"]
[Round "1.5"]
[White "Buenz, Heinrich"]
[Black "Mietz, Wolfgang"]
[Result "1/2-1/2"]
[WhiteElo "1678"]
[BlackElo "1616"]
[PlyCount "93"]
[EventType "team-tourn"]
[EventRounds "9"]
[EventCountry "GER"]
[SourceDate "2015.09.20"]
[WhiteTeam "SG Neubrandenburg II"]
[BlackTeam "SG Neubrandenburg III"]
[WhiteTeamCountry "GER"]
[BlackTeamCountry "GER"]

1. Nf3 Nf6 2. c4 b6 3. g3 Bb7 4. Bg2 g6 5. b3 Bg7 6. Bb2 O-O 7. O-O d6 8. d4
Nbd7 9. Nc3 e6 10. Re1 c5 11. e4 a6 12. e5 dxe5 13. dxe5 Ng4 14. Ne4 Ngxe5 15.
Nxe5 Nxe5 16. Qe2 Qc7 17. Rad1 Rad8 18. f4 Bxe4 19. Bxe4 Nc6 20. Bxg7 Kxg7 21.
Qb2+ Nd4 22. Bg2 Kg8 23. Qf2 Nf5 24. h3 Rxd1 25. Rxd1 Rd8 26. Rxd8+ Qxd8 27.
Kh2 h5 28. Qe2 Qd4 29. Qf3 Qe3 30. g4 Qxf3 31. Bxf3 Nd4 32. Bd1 hxg4 33. hxg4
f6 34. Kg3 Kf7 35. Kf2 Ke7 36. Ke3 Kd6 37. b4 e5 38. bxc5+ Kxc5 39. fxe5 fxe5
40. Ke4 Kd6 41. Ke3 Kc5 42. Ke4 Nc6 43. Ba4 b5 44. cxb5 axb5 45. Bb3 Kd6 46.
Bf7 Ne7 47. a3 1/2-1/2

[Event "1516LLO"]
[Site "Mecklenburg-Vorpommern"]
[Date "2015.09.20"]
[Round "1.6"]
[White "Gloeckner, Jan"]
[Black "Hoerhold, Martin"]
[Result "0-1"]
[WhiteElo "1523"]
[BlackElo "1663"]
[PlyCount "65"]
[EventType "team-tourn"]
[EventRounds "9"]
[EventCountry "GER"]
[SourceDate "2015.09.20"]
[WhiteTeam "SG Neubrandenburg III"]
[BlackTeam "SG Neubrandenburg II"]
[WhiteTeamCountry "GER"]
[BlackTeamCountry "GER"]

1. e4 d6 2. d4 Nf6 3. Bd3 g6 4. f4 Bg7 5. Nf3 O-O 6. Nc3 c5 7. e5 Ne8 8. dxc5
dxe5 9. fxe5 Nc6 10. Bf4 Qa5 11. Qe2 Qxc5 12. Ne4 Qa5+ 13. Ned2 Qb4 14. Qe3
Qxb2 15. O-O Qb6 16. Rab1 Qxe3+ 17. Bxe3 Nxe5 18. Nxe5 Bxe5 19. Bc4 Nd6 20. Bb3
Nf5 21. Rbe1 Nxe3 22. Rxe3 Bd4 23. Rfe1 Rd8 24. Nf3 Bxe3+ 25. Rxe3 e6 26. Rc3
Bd7 27. Ne5 Rac8 28. Rf3 Be8 29. Ng4 Kg7 30. h4 Rd4 31. Rg3 h5 32. Ne5 Rxh4 33.
Nc4 0-1

[Event "1516LLO"]
[Site "Mecklenburg-Vorpommern"]
[Date "2015.09.20"]
[Round "1.7"]
[White "Friedrich, Joerg"]
[Black "Mortau, Valentin"]
[Result "0-1"]
[WhiteElo "1619"]
[BlackElo "1376"]
[PlyCount "102"]
[EventType "team-tourn"]
[EventRounds "9"]
[EventCountry "GER"]
[SourceDate "2015.09.20"]
[WhiteTeam "SG Neubrandenburg II"]
[BlackTeam "SG Neubrandenburg III"]
[WhiteTeamCountry "GER"]
[BlackTeamCountry "GER"]

1. d4 d5 2. Nc3 Nc6 3. e4 dxe4 4. Bb5 Bd7 5. d5 Nb8 6. Bf4 a6 7. Bxd7+ Nxd7 8.
Nxe4 Ngf6 9. Nxf6+ exf6 10. Qe2+ Be7 11. O-O-O O-O 12. Nf3 Re8 13. Rhe1 Ne5 14.
Nxe5 fxe5 15. Qxe5 Bd6 16. Qxe8+ Qxe8 17. Rxe8+ Rxe8 18. Bxd6 cxd6 19. c4 b6
20. Kd2 Kf8 21. Re1 Rxe1 22. Kxe1 Ke7 23. Kd2 Kf6 24. Kd3 Ke5 25. g3 g5 26. b4
b5 27. f4+ gxf4 28. gxf4+ Kxf4 29. cxb5 axb5 30. a4 Ke5 31. a5 Kxd5 32. a6 Kc6
33. Kd4 f5 34. Ke3 d5 35. h4 h5 36. Kd4 f4 37. Kd3 Kb6 38. a7 Kxa7 39. Kd2 d4
40. Kd3 f3 41. Kd2 Kb6 42. Kd3 Kc6 43. Kd2 Kd5 44. Kd3 f2 45. Ke2 f1=Q+ 46.
Kxf1 Kc4 47. Ke2 Kxb4 48. Kd3 Kb3 49. Kxd4 b4 50. Ke4 Kc2 51. Kf4 b3 0-1

[Event "1516LLO"]
[Site "Mecklenburg-Vorpommern"]
[Date "2015.09.20"]
[Round "1.8"]
[White "Stange, Laura"]
[Black "Zibell, Walter"]
[Result "0-1"]
[WhiteElo "1267"]
[BlackElo "1760"]
[PlyCount "108"]
[EventType "team-tourn"]
[EventRounds "9"]
[EventCountry "GER"]
[SourceDate "2015.09.20"]
[WhiteTeam "SG Neubrandenburg III"]
[BlackTeam "SG Neubrandenburg II"]
[WhiteTeamCountry "GER"]
[BlackTeamCountry "GER"]

1. e4 c5 2. Nf3 d6 3. d4 cxd4 4. Nxd4 Nf6 5. Nc3 a6 6. Bg5 e6 7. f4 h6 8. Bh4
Be7 9. Qf3 Qc7 10. Rd1 Nc6 11. Be2 O-O 12. O-O Qb6 13. Qf2 Nxd4 14. Qxd4 Qxd4+
15. Rxd4 e5 16. fxe5 dxe5 17. Rd3 Bc5+ 18. Kh1 Nh7 19. Rdf3 Be6 20. h3 Bd4 21.
Be7 Rfe8 22. Bh4 Rac8 23. a3 Nf8 24. Bf2 Ng6 25. Bg3 f6 26. Rd3 Red8 27. Bh5
Ne7 28. Bf2 Bc4 29. Be2 Bxd3 30. Bxd3 Bxc3 31. bxc3 Rxc3 32. a4 Nc6 33. Rb1 Rd7
34. Kg1 Nd4 35. Bxd4 exd4 36. Kf2 Kf7 37. Kf3 Ke6 38. Kf4 Kd6 39. g4 Kc5 40.
Rb2 Ra3 41. Rb1 Rxa4 42. Kf3 Rb4 43. Re1 Re7 44. Kf4 Re5 45. Kf3 Kb6 46. Kf4 a5
47. Ra1 a4 48. Ra3 Rc5 49. Kf3 Rc3 50. Rxc3 dxc3 51. Ke3 a3 52. Ke2 a2 53. Ke3
a1=Q 54. Ke2 Qh1 0-1

[Event "1516LLO"]
[Site "Mecklenburg-Vorpommern"]
[Date "2015.09.20"]
[Round "1.1"]
[White "Luethke, Hans Eckart"]
[Black "Patzenhauer, Max"]
[Result "1-0"]
[WhiteElo "2122"]
[BlackElo "1919"]
[PlyCount "89"]
[EventType "team-tourn"]
[EventRounds "9"]
[EventCountry "GER"]
[SourceDate "2015.09.20"]
[WhiteTeam "SSC Graal-Mueritz"]
[BlackTeam "SV Motor Wolgast"]
[WhiteTeamCountry "GER"]
[BlackTeamCountry "GER"]

1. Nf3 e6 2. g3 b6 3. Bg2 Bb7 4. c4 c5 5. Nc3 Nf6 6. O-O Be7 7. d3 O-O 8. e4 d6
9. a3 Nc6 10. Rb1 a5 11. Re1 Qd7 12. d4 Rad8 13. d5 Nb8 14. Qb3 Qc7 15. dxe6
fxe6 16. Ng5 Bc8 17. Bh3 e5 18. Be6+ Kh8 19. Nf7+ Rxf7 20. Bxf7 Rf8 21. Nd5
Nxd5 22. Bxd5 Bg4 23. f4 Nc6 24. Bxc6 Qxc6 25. Bd2 Bh3 26. Qf3 Be6 27. Rbc1 g5
28. Rf1 Bh3 29. Rf2 gxf4 30. gxf4 Rg8+ 31. Kh1 Bh4 32. Re2 Bg4 33. Qe3 Bxe2 34.
Qxe2 Rf8 35. Rg1 exf4 36. Qg2 Bf6 37. Bxf4 Bd4 38. Bh6 Qb7 39. Bxf8 Bxg1 40.
Kxg1 Qf7 41. Bxd6 Qf6 42. e5 Qe6 43. Qa8+ Kg7 44. Qf8+ Kg6 45. Qf6+ 1-0

[Event "1516LLO"]
[Site "Mecklenburg-Vorpommern"]
[Date "2015.09.20"]
[Round "1.2"]
[White "Reinke, Thomas"]
[Black "Van Bentum, Horst"]
[Result "1/2-1/2"]
[WhiteElo "1886"]
[BlackElo "1925"]
[PlyCount "36"]
[EventType "team-tourn"]
[EventRounds "9"]
[EventCountry "GER"]
[SourceDate "2015.09.20"]
[WhiteTeam "SV Motor Wolgast"]
[BlackTeam "SSC Graal-Mueritz"]
[WhiteTeamCountry "GER"]
[BlackTeamCountry "GER"]

1. e4 e5 2. Nc3 Nc6 3. Bc4 Nf6 4. d3 Bb4 5. Bg5 h6 6. Bxf6 Bxc3+ 7. bxc3 Qxf6
8. Qf3 Qxf3 9. Nxf3 d6 10. Bb5 Bd7 11. Rb1 O-O 12. Nd2 a6 13. Bxc6 Bxc6 14. c4
b6 15. c3 f5 16. f3 Rf7 17. Ke2 Raf8 18. Rhf1 g5 1/2-1/2

[Event "1516LLO"]
[Site "Mecklenburg-Vorpommern"]
[Date "2015.09.20"]
[Round "1.3"]
[White "Schulz, Wolf Detlef"]
[Black "Schubert, Volker"]
[Result "0-1"]
[WhiteElo "1732"]
[BlackElo "1958"]
[PlyCount "74"]
[EventType "team-tourn"]
[EventRounds "9"]
[EventCountry "GER"]
[SourceDate "2015.09.20"]
[WhiteTeam "SSC Graal-Mueritz"]
[BlackTeam "SV Motor Wolgast"]
[WhiteTeamCountry "GER"]
[BlackTeamCountry "GER"]

1. e4 c5 2. Nc3 Nc6 3. f4 g6 4. Nf3 Bg7 5. Bc4 e6 6. Qe2 a6 7. a4 Nge7 8. d3
O-O 9. O-O d5 10. Bb3 b6 11. f5 dxe4 12. dxe4 Nd4 13. Nxd4 Bxd4+ 14. Kh1 Nc6
15. Bh6 Re8 16. f6 Ne5 17. Rad1 Qc7 18. Bf4 Qb7 19. Qe1 g5 20. Qg3 Ng6 21. Qxg5
Kh8 22. e5 Rg8 23. Rd2 Nxe5 24. Qh5 Ng6 25. Bh6 Bd7 26. Bg7+ Rxg7 27. fxg7+
Kxg7 28. Qg5 Bc6 29. Nd1 Rg8 30. c3 Be5 31. Ne3 Kh8 32. Qh5 f5 33. Bxe6 Nf4 34.
Qxf5 Rxg2 35. Qf8+ Rg8+ 36. Nd5 Rxf8 37. c4 Nxe6 0-1

[Event "1516LLO"]
[Site "Mecklenburg-Vorpommern"]
[Date "2015.09.20"]
[Round "1.4"]
[White "Riebort, Frank"]
[Black "Micheel, Peter"]
[Result "1-0"]
[WhiteElo "1884"]
[BlackElo "1759"]
[PlyCount "81"]
[EventType "team-tourn"]
[EventRounds "9"]
[EventCountry "GER"]
[SourceDate "2015.09.20"]
[WhiteTeam "SV Motor Wolgast"]
[BlackTeam "SSC Graal-Mueritz"]
[WhiteTeamCountry "GER"]
[BlackTeamCountry "GER"]

1. d4 Nf6 2. c4 e6 3. Nc3 Bb4 4. Bg5 c5 5. d5 d6 6. Nf3 h6 7. Bxf6 Qxf6 8. Rc1
O-O 9. e3 Nd7 10. Be2 e5 11. O-O Bxc3 12. Rxc3 Re8 13. e4 Nf8 14. Nd2 Ng6 15.
g3 Bh3 16. Re1 Bd7 17. Bg4 Rad8 18. Bxd7 Rxd7 19. Qg4 Nf8 20. h4 Qg6 21. Qh3
Rde7 22. h5 Qh7 23. Nf3 g6 24. g4 g5 25. Nd2 Nd7 26. Nf1 Nb6 27. Ng3 Nc8 28.
Nf5 Rd7 29. Qd3 Ne7 30. Ne3 Qg7 31. Rb1 Qf6 32. Kg2 Qf4 33. b4 Rc8 34. f3 Rdc7
35. bxc5 Rxc5 36. Rxb7 R8c7 37. Qb1 Kg7 38. Rxc7 Rxc7 39. Qb8 Rc5 40. Qxd6 Ra5
41. a3 1-0

[Event "1516LLO"]
[Site "Mecklenburg-Vorpommern"]
[Date "2015.09.20"]
[Round "1.5"]
[White "Rath, Wolfgang"]
[Black "Rosin, Ralf"]
[Result "1/2-1/2"]
[WhiteElo "1620"]
[BlackElo "1730"]
[PlyCount "79"]
[EventType "team-tourn"]
[EventRounds "9"]
[EventCountry "GER"]
[SourceDate "2015.09.20"]
[WhiteTeam "SSC Graal-Mueritz"]
[BlackTeam "SV Motor Wolgast"]
[WhiteTeamCountry "GER"]
[BlackTeamCountry "GER"]

1. e4 e6 2. d4 d5 3. exd5 exd5 4. Bd3 Bd6 5. Nf3 Qe7+ 6. Qe2 Qxe2+ 7. Bxe2 Bf5
8. c3 Nd7 9. O-O Ngf6 10. Nh4 Bg6 11. g3 O-O-O 12. Bg5 Rde8 13. Nxg6 hxg6 14.
Bf3 Ne4 15. Bxe4 dxe4 16. Nd2 f6 17. Be3 f5 18. f4 exf3 19. Rxf3 Nf6 20. Nf1
Ng4 21. Re1 Rh3 22. Kg2 Reh8 23. Bg1 Kd7 24. a3 b5 25. Re2 a5 26. Re1 c6 27.
Re2 a4 28. Re1 R3h7 29. Re2 Nf6 30. Nd2 Nd5 31. c4 Ne7 32. Rf1 g5 33. c5 Bc7
34. Nf3 Rh5 35. Ne5+ Bxe5 36. Rxe5 g6 37. Rfe1 R5h7 38. Re6 g4 39. Rd6+ Kc7 40.
Rde6 1/2-1/2

[Event "1516LLO"]
[Site "Mecklenburg-Vorpommern"]
[Date "2015.09.20"]
[Round "1.6"]
[White "Klotzsche, Stefan"]
[Black "Mueggenburg, Rolf"]
[Result "1/2-1/2"]
[WhiteElo "1745"]
[BlackElo "1549"]
[PlyCount "38"]
[EventType "team-tourn"]
[EventRounds "9"]
[EventCountry "GER"]
[SourceDate "2015.09.20"]
[WhiteTeam "SV Motor Wolgast"]
[BlackTeam "SSC Graal-Mueritz"]
[WhiteTeamCountry "GER"]
[BlackTeamCountry "GER"]

1. Nf3 d6 2. g3 f5 3. d4 Nf6 4. c4 c6 5. Nc3 g6 6. Bg2 Bg7 7. O-O O-O 8. h3
Nbd7 9. Be3 h6 10. b4 Kh7 11. a4 Nb6 12. Qd3 Be6 13. Nd2 Qb8 14. Kh2 Bf7 15. f4
d5 16. c5 Nc4 17. Bg1 Nxd2 18. Qxd2 Rd8 19. Rfc1 a6 1/2-1/2

[Event "1516LLO"]
[Site "Mecklenburg-Vorpommern"]
[Date "2015.09.20"]
[Round "1.7"]
[White "Schroeter, Reinhard"]
[Black "Schellner, Ulf"]
[Result "1/2-1/2"]
[WhiteElo "1491"]
[BlackElo "1624"]
[PlyCount "42"]
[EventType "team-tourn"]
[EventRounds "9"]
[EventCountry "GER"]
[SourceDate "2015.09.20"]
[WhiteTeam "SSC Graal-Mueritz"]
[BlackTeam "SV Motor Wolgast"]
[WhiteTeamCountry "GER"]
[BlackTeamCountry "GER"]

1. d4 d5 2. Nf3 e6 3. c4 Nf6 4. Nc3 Be7 5. Bf4 c6 6. e3 Nbd7 7. Bd3 O-O 8. O-O
h6 9. h3 dxc4 10. Bxc4 Nb6 11. Bd3 Nbd5 12. Bh2 c5 13. Nxd5 exd5 14. dxc5 Bxc5
15. Be5 Be6 16. Bd4 Rc8 17. Rc1 Qe7 18. Bc3 Rfd8 19. Nd4 Ne4 20. Qf3 Nxc3 21.
Rxc3 Bd6 1/2-1/2

[Event "1516LLO"]
[Site "Mecklenburg-Vorpommern"]
[Date "2015.09.20"]
[Round "1.8"]
[White "Tarasow, Alexey"]
[Black "Kundt, Guenther"]
[Result "1-0"]
[WhiteElo "1741"]
[BlackElo "1484"]
[PlyCount "35"]
[EventType "team-tourn"]
[EventRounds "9"]
[EventCountry "GER"]
[SourceDate "2015.09.20"]
[WhiteTeam "SV Motor Wolgast"]
[BlackTeam "SSC Graal-Mueritz"]
[WhiteTeamCountry "GER"]
[BlackTeamCountry "GER"]

1. e4 c5 2. Nc3 d6 3. f4 Nc6 4. Nf3 g6 5. Bc4 Bg7 6. O-O e6 7. Qe1 Nge7 8. d3
O-O 9. f5 Nd4 10. Qh4 exf5 11. Bg5 Ndc6 12. Nd5 Qd7 13. Nxe7+ Nxe7 14. Bxe7 Re8
15. Bf6 h6 16. Bxg7 Kxg7 17. exf5 d5 18. f6+ 1-0

[Event "1516LLO"]
[Site "Mecklenburg-Vorpommern"]
[Date "2015.10.11"]
[Round "2.1"]
[White "Dupke, Andreas"]
[Black "Schwarz, Eckhard"]
[Result "1/2-1/2"]
[WhiteElo "1791"]
[BlackElo "1861"]
[PlyCount "30"]
[EventType "team-tourn"]
[EventRounds "9"]
[EventCountry "GER"]
[SourceDate "2015.09.20"]
[WhiteTeam "SG Neubrandenburg III"]
[BlackTeam "SV Waterkant Saal"]
[WhiteTeamCountry "GER"]
[BlackTeamCountry "GER"]

1. e4 e6 2. d4 d5 3. Nd2 dxe4 4. Nxe4 Nd7 5. Nf3 Ngf6 6. Nxf6+ Nxf6 7. Be2 c5
8. O-O Be7 9. Be3 Qc7 10. Bb5+ Bd7 11. Bxd7+ Nxd7 12. d5 exd5 13. Qxd5 O-O 14.
Rad1 Rad8 15. Qc4 Ne5 1/2-1/2

[Event "1516LLO"]
[Site "Mecklenburg-Vorpommern"]
[Date "2015.10.11"]
[Round "2.2"]
[White "Wiese, Frank"]
[Black "Stock, Joachim"]
[Result "1-0"]
[WhiteElo "1887"]
[BlackElo "1606"]
[PlyCount "79"]
[EventType "team-tourn"]
[EventRounds "9"]
[EventCountry "GER"]
[SourceDate "2015.09.20"]
[WhiteTeam "SV Waterkant Saal"]
[BlackTeam "SG Neubrandenburg III"]
[WhiteTeamCountry "GER"]
[BlackTeamCountry "GER"]

1. d4 Nf6 2. Bg5 c6 3. Bxf6 exf6 4. e3 d5 5. c4 dxc4 6. Bxc4 Bd6 7. Nc3 O-O 8.
Nge2 Nd7 9. Ng3 Nb6 10. Bd3 g6 11. Nge4 Be7 12. O-O Be6 13. Qe2 Nd5 14. a3 Nc7
15. b4 Ne8 16. Nc5 Qc7 17. Rfc1 Bxc5 18. bxc5 f5 19. Rcb1 Nf6 20. a4 Rfe8 21.
Qb2 Rab8 22. a5 f4 23. e4 f3 24. gxf3 Qf4 25. Qe2 Qh4 26. Qe3 Bh3 27. Bf1 Bd7
28. Qd2 Nh5 29. Ne2 g5 30. Ra3 Nf4 31. Nxf4 gxf4 32. d5 Re5 33. Bd3 Bh3 34. Kh1
Rh5 35. dxc6 Bf1 36. Kg1 Bxd3 37. Qxd3 Qxh2+ 38. Kf1 Qh3+ 39. Ke2 Qh4 40. Rg1+
{zü} 1-0

[Event "1516LLO"]
[Site "Mecklenburg-Vorpommern"]
[Date "2015.10.11"]
[Round "2.3"]
[White "Peters, Hans Joachim"]
[Black "Onasch, Gunnar"]
[Result "1/2-1/2"]
[WhiteElo "1748"]
[BlackElo "1782"]
[PlyCount "43"]
[EventType "team-tourn"]
[EventRounds "9"]
[EventCountry "GER"]
[SourceDate "2015.09.20"]
[WhiteTeam "SG Neubrandenburg III"]
[BlackTeam "SV Waterkant Saal"]
[WhiteTeamCountry "GER"]
[BlackTeamCountry "GER"]

1. e4 c5 2. Nc3 Nc6 3. g3 g6 4. Bg2 Bg7 5. d3 e6 6. Be3 Nd4 7. f4 Ne7 8. Nf3 d5
9. Bxd4 cxd4 10. Ne2 Qb6 11. Rb1 Bd7 12. c3 dxc3 13. bxc3 Qc7 14. e5 Rb8 15.
O-O O-O 16. Qd2 b5 17. Rfc1 Rfc8 18. Nfd4 a6 19. Nb3 Qa7+ 20. d4 Nc6 21. Kh1
Bf8 22. g4 1/2-1/2

[Event "1516LLO"]
[Site "Mecklenburg-Vorpommern"]
[Date "2015.10.11"]
[Round "2.4"]
[White "Richter, Frank"]
[Black "Gloeckner, Jan"]
[Result "1-0"]
[WhiteElo "1711"]
[BlackElo "1523"]
[PlyCount "55"]
[EventType "team-tourn"]
[EventRounds "9"]
[EventCountry "GER"]
[SourceDate "2015.09.20"]
[WhiteTeam "SV Waterkant Saal"]
[BlackTeam "SG Neubrandenburg III"]
[WhiteTeamCountry "GER"]
[BlackTeamCountry "GER"]

1. d4 d5 2. c4 e5 3. dxe5 d4 4. Nf3 Nc6 5. a3 Bg4 6. Nbd2 Qd7 7. g3 Nge7 8. Bg2
Nf5 9. h3 Bxf3 10. Nxf3 Be7 11. O-O h5 12. Qd3 a5 13. b3 Qe6 14. Bb2 Rd8 15.
Rfd1 g5 16. Qe4 g4 17. hxg4 hxg4 18. Qxg4 Nxe5 19. Nxe5 Qxe5 20. e3 Bc5 21.
exd4 Bxd4 22. Bxd4 Rxd4 23. Re1 Rxg4 24. Rxe5+ Ne7 25. Rae1 c6 26. Rxe7+ Kd8
27. Rxb7 a4 28. Rb8+ 1-0

[Event "1516LLO"]
[Site "Mecklenburg-Vorpommern"]
[Date "2015.10.11"]
[Round "2.5"]
[White "Zabka, Helge"]
[Black "Nickel, Reimo"]
[Result "0-1"]
[WhiteElo "1654"]
[BlackElo "1743"]
[PlyCount "79"]
[EventType "team-tourn"]
[EventRounds "9"]
[EventCountry "GER"]
[SourceDate "2015.09.20"]
[WhiteTeam "SG Neubrandenburg III"]
[BlackTeam "SV Waterkant Saal"]
[WhiteTeamCountry "GER"]
[BlackTeamCountry "GER"]

1. Nf3 d5 2. g3 Nf6 3. Bg2 c6 4. O-O h6 5. d3 Bg4 6. Nbd2 e6 7. h3 Bh5 8. Ne5
Bd6 9. Nef3 O-O 10. e4 dxe4 11. dxe4 Bc5 12. Qe1 Bg6 13. Ne5 Bh7 14. Nd3 Bb6
15. Nc4 Nbd7 16. Nd6 Qb8 17. e5 Bxd3 18. cxd3 Ne8 19. Nc4 Bd4 20. Qe4 Bxe5 21.
d4 Bf6 22. Qg4 Kh8 23. Bf4 Qd8 24. Rad1 Bg5 25. Bd6 Ndf6 26. Qe2 Nxd6 27. f4
Bxf4 28. Rxf4 Nd5 29. Bxd5 cxd5 30. Ne5 Qg5 31. Qf2 Ne4 32. Rxe4 dxe4 33. Kg2
f6 34. h4 Qh5 35. g4 Qe8 36. Nc4 Qg6 37. Kh3 h5 38. Rg1 hxg4+ 39. Rxg4 Qf5 40.
Nd2 0-1